Normale Ansicht MARC-Ansicht ISBD

Maupertuis (Titelsatznr. 62878)

[ MARC ]
MARC-Details
000 -Satzkennung
Kontrollfeld mit fester Länge 01258nam a22003373i 4500
001 - Kontrollnummer
Kontrollfeld EBC29156981
003 - Kontrollnummer Identifier
Kontrollfeld MiAaPQ
005 - Datum und Zeit der letzten Transaktion
Kontrollfeld 20240318142937.0
007 - Feld mit fester Länge zur physischen Beschreibung - Allgemeine Information
Kontrollfeld mit fester Länge cr cnu||||||||
008 - Feld mit fester Länge zur physischen Beschreibung - Allgemeine Angaben
Kontrollfeld mit fester Länge 230727s2022 xx o ||||0 fre d
020 ## - Internationale Standardbuchnummer
Internationale Standardbuchnummer 9782745356734
Nähere Angaben (electronic bk.)
020 ## - Internationale Standardbuchnummer
Gelöschte/ungültige ISBN 9782745356734
040 ## - Katalogisierungsquelle
Original-Katalogisierungsstelle MiAaPQ
Katalogisierungssprache eng
Übertragungsstelle MiAaPQ
100 1# - Haupteintragung - Personenname
Personenname Storni, Marco.
Koha-Normdatenidentnummer 25222
Funktionsbezeichnungscode aut
Funktionsbezeichnung author
245 10 - Titel
Titel Maupertuis
Zusatz zum Titel le philosophe, l'académicien, le polémiste
Verfasserangabe etc. Marco Storni
264 #1 - Produktion, Veröffentlichung, Distribution, Herstellung und Urheberrechtsvermerk
Herstellungs-, Veröffentlichungs- Vertriebs-, Erzeugungsort Paris :
Produzent, Herausgeber, Distributor, Hersteller Honoré Champion,
Datum der Herstellung, der Veröffentlichung, des Vertriebs oder des Urheberschutzvermerks 2022.
264 #4 - Produktion, Veröffentlichung, Distribution, Herstellung und Urheberrechtsvermerk
Datum der Herstellung, der Veröffentlichung, des Vertriebs oder des Urheberschutzvermerks {copy}2022.
300 ## - Physische Beschreibung
Umfang 1 online resource (307 pages)
336 ## - Inhaltstyp
Inhaltstypterm Text
Inhaltstypcode txt
Quelle rdacontent
337 ## - Medientyp
Bezeichnung des Medientyps Computermedien
Medientypcode c
Quelle rdamedia
338 ## - Datenträgertyp
Datenträgertypbezeichnung Online Resource
Datenträgertypcode cr
Quelle rdacarrier
490 0# - Gesamttitelangabe
Gesamttitelangabe Les dix-huitièmes siècles ;
Bandnummer/Folgebezeichnung v215
500 ## - Allgemeine Fußnote
Allgemeine Fußnote E-Book-ProQuest / Fernzugriff nach Registrierung möglich
502 ## - Dissertationsvermerk
Art des Abschlusses Dissertation L'École Normale Supérieure de Paris
Graduierungsjahr 2018
600 1# - Nebeneintragung unter einem Schlagwort - Personenname
Quelle der Ansetzung oder des Terms gnd
Personenname Maupertuis, Pierre Louis Moreau de
Koha-Normdatenidentnummer 12226
655 #4 - Indexierungsterm - Genre/Form
Genre/Form oder fokussierter Term Hochschulschrift
655 ## - Indexierungsterm - Genre/Form
Genre/Form oder fokussierter Term Fernzugriff
Koha-Normdatenidentnummer 230
830 #0 - Nebeneintragung unter dem Gesamttitel - Einheitstitel
Einheitstitel Les Dix-Huitièmes Siècles Ser.
Koha-Normdatenidentnummer 25223
856 40 - Elektronische Adresse und Zugriff
URL <a href="https://ebookcentral.proquest.com/lib/maxweberstiftung-ebooks/detail.action?docID=29156981">https://ebookcentral.proquest.com/lib/maxweberstiftung-ebooks/detail.action?docID=29156981</a>
OPAC-Notiz Volltext
942 ## - Zusätzliche Felder (Koha)
Koha-Medientyp E-Books
Klassifikation oder Aufstellungssystematik Andere/Generische Klassifikation
Exemplare
Ausgeschieden Verloren Klassifikation oder Aufstellungssystematik Beschädigt Nicht entleihbar Heimatbibliothek Aufenthaltsbibliothek Aufstellungsort Erwerbungsdatum Inventarnummer Signatur Barcode Letzte Aktivität Preis gültig von Koha-Medientyp
    Andere/Generische Klassifikation     MWN Osteuropa MWN Osteuropa Online-Ressource 27/07/2023 23-e01142 E-23-e01142 65680 27/07/2023 27/07/2023 E-Books